Biện pháp quản lý hoạt động dạy nghề ở các trung tâm dạy nghề trên địa bàn tỉnh Đống Tháp Luận văn thạc sĩ Khoa học giáo dục. Chuyên ngành: Quản lý giáo dục . Mã số: 60 14 01 14

Wedi'i Gadw mewn:
Manylion Llyfryddiaeth
Prif Awdur: Nguyễn, Phú Hiếu
Awduron Eraill: Phan, Minh Tiến (Hướng dẫn)
Fformat: Luận văn Cit Llyfr
Iaith:Vietnamese
Cyhoeddwyd: Đồng Tháp Đại học Đồng Tháp 2014
Pynciau:
Tagiau: Ychwanegu Tag
Dim Tagiau, Byddwch y cyntaf i dagio'r cofnod hwn!
Thư viện lưu trữ: Trung tâm Học liệu Lê Vũ Hùng, Trường Đại học Đồng Tháp
LEADER 01342ppm a22003138a 4500
001 00033037
005 20171026081025.0
008 150324s2014 ||||||viesd
041 0 # |a vie 
082 1 4 |a 373.246  |b B305PH 
100 1 # |a Nguyễn, Phú Hiếu 
245 0 0 |a Biện pháp quản lý hoạt động dạy nghề ở các trung tâm dạy nghề trên địa bàn tỉnh Đống Tháp  |b Luận văn thạc sĩ Khoa học giáo dục. Chuyên ngành: Quản lý giáo dục . Mã số: 60 14 01 14  |c Nguyễn Phú Hiếu; Phan Minh Tiến (hướng dẫn) 
260 # # |a Đồng Tháp  |b Đại học Đồng Tháp  |c 2014 
300 # # |a 108 tr. +phụ lục  |c 30cm.  |e 1 bản tóm tắt 
500 # # |a ĐTTS ghi: Bộ giáo dục và đào tạo. Trường Đại học Đồng Tháp 
653 # # |a Biện pháp quản lí 
653 # # |a Dạy nghề 
653 # # |a Đồng Tháp 
653 # # |a Trung tâm 
653 # # |a Luận văn 
653 # # |a Hoạt động 
700 1 # |a Phan, Minh Tiến  |e Hướng dẫn 
852 # # |j LV.0000536  |j LV.0001708 
852 # # |b Kho đọc SĐH  |j LV.0000536 
910 0 # |a kchi  |d 24/3/2015 
980 # # |a Trung tâm Học liệu Lê Vũ Hùng, Trường Đại học Đồng Tháp